Pour la cause italienne aux évéques catholiques apologie / (Record no. 161493)

MARC details
000 -LEADER
campo de control de longitud fija 00708nam a22001815i 4500
001 - NÚMERO DE CONTROL
campo de control 161493
003 - IDENTIFICADOR DE NÚMERO DE CONTROL
campo de control ES-MaACL
005 - FECHA Y HORA DE LA ÚLTIMA TRANSACCIÓN
campo de control 20230906212310.0
008 - DATOS DE LONGITUD FIJA--INFORMACIÓN GENERAL
campo de control de longitud fija 990203s1861 fr |||| | fre d
040 ## - FUENTE DE CATALOGACIÓN
Centro catalogador/agencia de origen CCPB | B
Lengua de catalogación spa
Centro/agencia transcriptor CCPB | B
100 1# - ENTRADA PRINCIPAL--NOMBRE DE PERSONA
Nombre de persona Passaglia, Carlo (
Fechas asociadas al nombre 1812-1887)
9 (RLIN) 130881
245 10 - MENCIÓN DEL TÍTULO
Título Pour la cause italienne aux évéques catholiques apologie /
Mención de responsabilidad, etc. par un prètre catholique (P. Passaglia).
260 ## - PUBLICACIÓN, DISTRIBUCIÓN, ETC.
Lugar de publicación, distribución, etc. Paris :
Nombre del editor, distribuidor, etc. Librairie Molini :
-- Librairie Dentu,
Fecha de publicación, distribución, etc. 1861.
300 ## - DESCRIPCIÓN FÍSICA
Extensión 160 p. ;
Dimensiones 21 cm.
597 ## - NOTA DE DESCRIPCIÓN FÍSICA
NOTA DE DESCRIPCIÓN FÍSICA Antep.
651 #4 - PUNTO DE ACCESO ADICIONAL DE MATERIA--NOMBRE GEOGRÁFICO
Nombre geográfico Italia-
Subdivisión general Católicos.
9 (RLIN) 137236
852 ## - LOCALIZACIÓN
Ubicación ES-MaACL
Número de control de estantería G-15562
Nota libre -- Rust.
-- -- Legado M. de La Fuente
Encuadernación -- Edic.: Añadir al t260: (Imprimerie de L. Tinterlin et Ce)
Holdings
Estatus retirado Estado de pérdida Estado de daño No para préstamo Colección Biblioteca de origen Biblioteca actual Ubicación en estantería Fecha de adquisición Fuente de adquisición Total de préstamos Signatura topográfica completa Código de barras Visto por última vez Precio de reemplazo Tipo de ítem Koha
        Libros del s. XIX Biblioteca del Ateneo de Madrid Biblioteca del Ateneo de Madrid Sala Pecera Planta 3 17/01/2008     G-15562 1169160 23/02/2023 23/02/2023 Libro impreso antiguo